Concursos, actos y festejos celebrados en la villa de Mercadal los dias 2, 3 y 4 de Junio de 1906. (Registro nro. 190124)
[ vista simple ]
| 000 -LEADER | |
|---|---|
| campo de control de longitud fija | 00410nam a2200133 i 4500 |
| 001 - NÚMERO DE CONTROL | |
| campo de control | 190124 |
| 003 - IDENTIFICADOR DE NÚMERO DE CONTROL | |
| campo de control | ES-MaACL |
| 005 - FECHA Y HORA DE LA ÚLTIMA TRANSACCIÓN | |
| campo de control | 20230906223639.0 |
| 008 - DATOS DE LONGITUD FIJA--INFORMACIÓN GENERAL | |
| campo de control de longitud fija | 200730s1906 sp |||| | spa d |
| 245 00 - MENCIÓN DEL TÍTULO | |
| Título | Concursos, actos y festejos celebrados en la villa de Mercadal los dias 2, 3 y 4 de Junio de 1906. |
| 260 ## - PUBLICACIÓN, DISTRIBUCIÓN, ETC. | |
| Lugar de publicación, distribución, etc. | Mahón : |
| Nombre del editor, distribuidor, etc. | M. Paspal, |
| Fecha de publicación, distribución, etc. | 1906. |
| 300 ## - DESCRIPCIÓN FÍSICA | |
| Extensión | 98 p. ; |
| Dimensiones | 23 cm. |
| 852 ## - LOCALIZACIÓN | |
| Ubicación | ES-MaACL |
| Número de control de estantería | T-1101-F-2 |
| Estatus retirado | Estado de pérdida | Estado de daño | No para préstamo | Colección | Biblioteca de origen | Biblioteca actual | Ubicación en estantería | Fecha de adquisición | Fuente de adquisición | Total de préstamos | Signatura topográfica completa | Código de barras | Visto por última vez | Precio de reemplazo | Tipo de ítem Koha |
|---|---|---|---|---|---|---|---|---|---|---|---|---|---|---|---|
| Colección de folletos | Biblioteca del Ateneo de Madrid | Biblioteca del Ateneo de Madrid | Depósito folletos | 03/04/2005 | T-1101-F-2 | 1201818 | 23/02/2023 | 23/02/2023 | Folleto |
